| 000 | 00744nam a2200229 i 4500 | ||
|---|---|---|---|
| 001 | 123991 | ||
| 003 | ES-MaACL | ||
| 005 | 20230906192306.0 | ||
| 007 | t| | ||
| 008 | 070214s1981 sp a |||| | spa d | ||
| 100 | 1 |
_aRamírez Zea, Antonio. _995183 |
|
| 245 | 1 | 0 |
_aFisiología celular / _cpor Antonio Ramírez Zea, Rogelio Abad Cerdán, José M. García Torres. |
| 260 |
_aAlmería : _bEquipo de Ciencias Naturales Los Filabres, _c1981. |
||
| 300 |
_a37 p. : _bil. ; _c30 cm. |
||
| 490 | 1 | _aSerie didáctica | |
| 650 | 4 |
_aFisiología. _9136120 |
|
| 700 | 1 |
_aAbad, Rogelio, _d1955- _9226343 |
|
| 700 | 1 |
_aGarcía Torres, José M. _955337 |
|
| 830 | 0 |
_aSerie didáctica _9182318 |
|
| 852 |
_aES-MaACL _j2119-F-20 |
||
| 999 |
_c123991 _d123991 |
||